000 00311nam a2200133Ia 4500
005 20251222144734.0
008 251222s9999||||xx |||||||||||||| ||spa||
082 _a320.548.5/I96/1989
100 _aIwasaki Cauti, Fernando
245 0 _aNación Peruana:
250 _a2a.ed.
264 _bCRESE
942 _cLIB
999 _c18709
_d18709